| 000 | 00000nam 2200000za 4500 |
| 001 | 9.854017 |
| 003 | CaOODSP |
| 005 | 20221107154950 |
| 007 | cr ||||||||||| |
| 008 | 180321s2000 oncd||||o f000 0 eng d |
| 020 | |z0-660-18073-1 |
| 040 | |aCaOODSP|beng |
| 043 | |an-cn--- |
| 086 | 1 |aNH15-346/2000E-PDF|zNH15-346/2000E |
| 100 | 1 |aOnysko, D. M. |
| 245 | 10|aDrying of walls with ventilated stucco cladding |h[electronic resource] : |ba parametric analysis / |cby Donald M. Onysko. |
| 246 | 30|aParametric analysis |
| 260 | |a[Ottawa] : |bCanada Mortgage and Housing Corporation, |cc2000. |
| 300 | |axi, 51, 4, [2] p. : |bcharts |
| 490 | 1 |aResearch report. Housing technology series ; |
| 500 | |aIssued also in French under title: Analyse paramétrique de l’assèchement des murs revêtus de stucco ventilé. |
| 500 | |aDigitized edition from print [produced by Canada Mortgage and Housing Corporation]. |
| 504 | |aIncludes bibliographic references. |
| 520 | |a"A parametric study of stucco clad wall systems was undertaken to help understand the drying behaviour of outer wall venting systems and to determine which systems would be worth investigating in an experimental test program by the Envelope Drying Rates Analysis Consortium (EDRA)"--Exec. Summary, p. iii. |
| 692 | 07|2gccst|aConstruction materials |
| 692 | 07|2gccst|aHousing |
| 710 | 2 |aCanada Mortgage and Housing Corporation. |
| 775 | 08|tAnalyse paramétrique de l’assèchement des murs revêtus de stucco ventilé |w(CaOODSP)9.854026 |
| 830 | #0|aResearch report. Housing technology series.|w(CaOODSP)9.506186 |
| 856 | 40|qPDF|s4.15 MB|uhttps://publications.gc.ca/collections/collection_2018/schl-cmhc/nh15/NH15-346-2000-eng.pdf |